How to Give A Great Presentation (Record no. 94695)

MARC details
000 -LEADER
fixed length control field 00614nam a2200217Ia 4500
005 - DATE AND TIME OF LATEST TRANSACTION
control field 20251121152835.0
008 - FIXED-LENGTH DATA ELEMENTS--GENERAL INFORMATION
fixed length control field 230125s9999 xx 000 0 und d
020 ## - INTERNATIONAL STANDARD BOOK NUMBER
International Standard Book Number 9781509814473
041 ## - LANGUAGE CODE
Language code of text/sound track or separate title eng
082 ## - DEWEY DECIMAL CLASSIFICATION NUMBER
Classification number 158.1
Item number CHA
100 ## - MAIN ENTRY--PERSONAL NAME
Author Chalmers N
245 ## - TITLE STATEMENT
Title How to Give A Great Presentation
Remainder of title Concise Introductions to The Topics that Matter
250 ## - EDITION STATEMENT
Edition statement Ed.1st
260 ## - PUBLICATION, DISTRIBUTION, ETC.
Date of publication, distribution, etc. 2016
Name of publisher, distributor, etc. Bluebird Books
Place of publication, distribution, etc. London
300 ## - PHYSICAL DESCRIPTION
Extent 135p
500 ## - GENERAL NOTE
Keywords Personality Development
650 ## - SUBJECT ADDED ENTRY--TOPICAL TERM
Topical term or geographic name entry element Presentation;Personality Development
700 ## - ADDED ENTRY--PERSONAL NAME
Personal name Chalmers N
942 ## - ADDED ENTRY ELEMENTS (KOHA)
Koha item type Books
906 ## - LOCAL DATA ELEMENT F, LDF (RLIN)
b 123.69
Holdings
Withdrawn status Lost status Damaged status Not for loan Home library Current library Date acquired Vendor Net Price Bill number Total Checkouts Full call number Barcode Date last seen Actual Price Bill Date Koha item type Original Barcode
        Smt. Hiraben Nanavati Institute of Management & Research for Women Smt. Hiraben Nanavati Institute of Management & Research for Women 02/03/2017 Suyog Enterprises 399.00 SE/SI/3814   158.1 CHA B15534 HIMR-BK-15534 25/01/2023 275.31 27/02/2017 Books B15534